| 000 | 01280nam a22002177a 4500 | ||
|---|---|---|---|
| 001 | 8775 | ||
| 003 | FISKH | ||
| 005 | 20251020095011.0 | ||
| 008 | 251020b cb ||||| |||| 00| 0 eng d | ||
| 020 | _a9782013236843 | ||
| 040 |
_aFISKH _bfre _cFISKH _dFISKH |
||
| 082 | _a919.5 | ||
| 100 | _aAnonymous | ||
| 245 | _aGuide du routard Cambodge, Laos 2017 / | ||
| 260 |
_aCedex : _bHachette, _c2017. |
||
| 300 |
_a538 pages : _bcolor illustrations ; maps ; _c20 cm |
||
| 520 | _aThe Guide du Routard Cambodge, Laos 2017 is a comprehensive French travel guide covering Cambodia and Laos. It offers detailed information on major destinations such as Phnom Penh, Angkor, Luang Prabang, and the Plain of Jars. The guide includes practical advice on transportation, accommodation, local customs, and safety, as well as off-the-beaten-path recommendations for adventurous travelers. Rich cultural insights and maps help visitors explore both countries in depth, from bustling cities to serene natural landscapes. This edition also briefly covers Phu Quoc Island in Vietnam. It’s ideal for backpackers and independent travelers seeking an authentic experience in Southeast Asia. | ||
| 650 |
_aTravel Guide _vCambodia Laos _xSoutheast Asia |
||
| 942 |
_2ddc _cBK _n0 |
||
| 999 |
_c8775 _d8775 |
||